00956pam a2200241 a 4500020001500000082002700015100002700042245008600069260008800155300003700243500002000280526003700300526003700337650002500374650003200399650001500431650001500446650003200461942001200493999001900505952009500524952009500619 a047098676X00a150.9bZUScN-01,P-1561 aZusne, Leonard,93706610aNames in the history of psychology :ba biographical sourcebook /cLeonard Zusne. aIslamabad :bNational Book foundation. ;aPakistan :bDistributed by Wiley,c[1975] axvii, 489 p. :bports. ;c25 cm. aIncludes index. a0b0c0d150_900000000000000_ZUS a0b0c0d150_900000000000000_ZUS 0aPsychologists937067 0aPsychologyxHistory.937026 2aNUST96342 2aPsychology 2aPsychologyxHistory.937026 2ddccBK c541990d541990 00102ddc4070aMCEbMCEd2013-09-16l0o150.9 ZUSpMCE-39152r2013-09-16w2013-09-16yBK 00102ddc4070aMCEbMCEd2013-09-16l0o150.9 ZUSpMCE-39153r2013-09-16w2013-09-16yBK